JetPunk Spelling Test - Statistics

General Stats
  • This quiz has been taken 126 times
  • The average score is 12 of 28
Answer Stats
Hint Answer % Correct
JeffPunk ❌incorrect
57%
Sporcle ❌incorrect
56%
Jeetponk ❌incorrect
54%
Jp ❌incorrect
53%
JohnPunk ❌incorrect
53%
J3tPunk ❌incorrect
52%
JetPunk ✅correct
51%
JunkPet ❌incorrect
51%
JetPun ❌incorrect
51%
JetPunker180 ❌incorrect
49%
Jp ❌incorrect
48%
Orcspel ❌incorrect
47%
Pj ❌incorrect
47%
Fishy ❌incorrect
46%
Punk ❌incorrect
43%
Jet ❌incorrect
42%
Jeppy ❌incorrect
41%
jetPUNK ❌incorrect
38%
JP ✅correct
37%
JETpunk ❌incorrect
37%
JETPUNK ✅correct
35%
jetPunk ❌incorrect
35%
jetpunk ✅correct
34%
Japan ❌incorrect
33%
https://www.jetpunk.com/ ❌incorrect
30%
http://www.jetpunk.com/ ❌incorrect
30%
jp ✅correct
28%
Jetpunk ❌incorrect
27%
No matching quizzes found
Score Distribution
Percent of People with Each Score
Percentile by Number Answered
Your Score History
You have not taken this quiz